UBT Library

Investing in gold : (Record no. 492)

000 -LEADER
fixed length control field 00572nam a22002057a 4500
005 - DATE AND TIME OF LATEST TRANSACTION
control field 20140621052122.0
008 - FIXED-LENGTH DATA ELEMENTS--GENERAL INFORMATION
fixed length control field 090506s2009 nyua 001 0 eng d
020 ## - INTERNATIONAL STANDARD BOOK NUMBER
International Standard Book Number 9780071603461
024 #0 - OTHER STANDARD IDENTIFIER
Terms of availability eng
080 ## - UNIVERSAL DECIMAL CLASSIFICATION NUMBER
Universal Decimal Classification number 330.322
100 1# - Rafti
Rafti Spall, Jonathan.
245 10 - TITLE STATEMENT
Title Investing in gold :
Statement of responsibility, etc Jonathan Spall.
250 ## -
-- 1 st.ed.;
260 ## -
-- New York :
-- McGraw-Hill,
-- 2009.
300 ## -
-- 207 f. :
-- me il.;
-- 22 cm.
500 ## -
-- Index f. 197-207
650 #0 -
-- Investimet
650 #0 -
-- Ari
942 ## - ADDED ENTRY ELEMENTS (KOHA)
Source of classification or shelving scheme
Item type Books
Holdings
Withdrawn status Lost status Source of classification or shelving scheme Damaged status Not for loan Collection code Permanent location Current location Shelving location Date acquired Total Checkouts Full call number Barcode Date last seen Koha item type Price effective from
          Koleksioni i përgjithshem UBT - Ferizaj UBT - Ferizaj Koleksioni i përgjithshem 06/21/2014   330.322 SPA 003000644 06/21/2014 Books  
          Koleksioni i përgjithshem UBT - Ferizaj UBT - Ferizaj Koleksioni i përgjithshem 06/21/2014   330.322 SPA 003000645 06/21/2014 Books  
          Koleksioni i përgjithshem UBT - Ferizaj UBT - Ferizaj Koleksioni i përgjithshem 06/21/2014   330.322 SPA 003000646 06/21/2014 Books  
          Koleksioni i përgjithshem UBT - Ferizaj UBT - Ferizaj Koleksioni i përgjithshem 06/21/2014   330.322 SPA 003000647 06/21/2014 Books  
          Koleksioni i përgjithshem UBT - Ferizaj UBT - Ferizaj Koleksioni i përgjithshem 06/21/2014   330.322 SPA 003000648 06/21/2014 Books  
          Koleksioni i përgjithshem UBT - Ferizaj UBT - Ferizaj Koleksioni i përgjithshem 06/21/2014   330.322 SPA 003000649 06/21/2014 Books  
          Koleksioni i përgjithshem UBT - Ferizaj UBT - Ferizaj Koleksioni i përgjithshem 06/21/2014   330.322 SPA 003000650 06/21/2014 Books  
          Koleksioni i përgjithshem UBT - Ferizaj UBT - Ferizaj Koleksioni i përgjithshem 06/21/2014   330.322 SPA 003000651 06/21/2014 Books  
          Koleksioni i përgjithshem UBT - Ferizaj UBT - Ferizaj Koleksioni i përgjithshem 06/21/2014   330.322 SPA 003000652 06/21/2014 Books  
          Koleksioni i përgjithshem UBT - Ferizaj UBT - Ferizaj Koleksioni i përgjithshem 06/21/2014   330.322 SPA 003000653 06/21/2014 Books  
          Koleksioni i përgjithshem UBT - Lipjan UBT - Lipjan Koleksioni i përgjithshem 11/07/2017   330.322 SPA 002-2937331 11/07/2017 Books 11/07/2017
          Koleksioni i përgjithshem UBT - Lipjan UBT - Lipjan Koleksioni i përgjithshem 11/07/2017   330.322 SPA 002-2937336 11/07/2017 Books 11/07/2017
          Koleksioni i përgjithshem UBT - Lipjan UBT - Lipjan Koleksioni i përgjithshem 11/07/2017   330.322 SPA 002-2937341 11/07/2017 Books 11/07/2017
          Koleksioni i përgjithshem UBT - Lipjan UBT - Lipjan Koleksioni i përgjithshem 11/07/2017   330.322 SPA 002-2937343 11/07/2017 Books 11/07/2017
          Koleksioni i përgjithshem UBT - Lipjan UBT - Lipjan Koleksioni i përgjithshem 11/07/2017   330.322 SPA 002-2937338 11/07/2017 Books 11/07/2017
UBT Library © 2015-2024. All rights reserved University Education for Business and Technology